Cultura general fútbol #1 - Estadísticas

Estadísticas generales
  • Esta prueba ha sido intentada 16.278 veces
    16.204 desde el último reinicio
  • La puntuación promedio es 14 de 15
Estadísticas de respuestas
Pregunta Respuesta % Correcto
¿Cuántos mundiales ganó Pelé? 3
99%
¿Qué país ha ganado más Copas del Mundo? Brasil
99%
¿Quién es la autora de la canción "Waka-Waka"? Shakira
99%
¿Quién fue el autor de "La Mano de Dios"? Maradona
98%
¿Qué equipo ha ganado la mayor cantidad de "Champions League"? Real Madrid
97%
¿Cuántos balones de oro reúne el máximo ganador del galadon? 8
96%
¿Qué equipo fue el campeón de la Champions League 2014-2015? F. C. Barcelona
95%
¿Cómo se llama la liga de la primera división de Inglaterra Premier League
94%
¿En qué continente se llevó a cabo el mundial del 2002? Asia
93%
¿Qué otro nombre recibe el "Video Assistant Referee"? VAR
93%
¿En qué año se realizó la primera "Copa del Mundo"? 1930
87%
¿Qué selección es conocida por matenerse siempre de última en el ranking mundial de la FIFA? San Marino
83%
¿Cómo se llama el estadio que alberga a los hinchas del A.C. Milan e Inter de Milán? San Siro
82%
¿Qué jugador mantiene el record con más goles en los mundiales? Klose
78%
¿Cómo se llama la federación encargada de Sudamerica? Conmebol
76%
No se encontraron pruebas coincidentes
Distribución de puntuación
Porcentaje de gente con cada puntuación
Porcentaje por número respondido
Historial de tus puntuaciones
No has intentado esta prueba desde el último reinicio